Santa Claus has a busy night

Bibliographic Details
Main Author: Bradbury, Lynne
Format: Book
Published: Loughborough : Ladybird Books , 19__
Subjects:

MARC

LEADER 00000cam a2200000 7i4500
001 0000003453
002 000003722
005 20000330.0
020 |a 0721495311 
090 0 0 |a JF   |b BRA 
100 1 |a Bradbury, Lynne 
245 1 0 |a Santa Claus has a busy night   |c Lynne Bradbury 
260 |a Loughborough :   |b Ladybird Books ,   |c 19__ 
300 |a 25p. :   |b ill. ;   |c 18cm. 
650 0 0 |a Christmas stories 
999 |a 036975   |b BUKU   |c PINJAMAN   |e PERPUSTAKAAN KOMUNITI PETALING JAYA